Statistics for 5 Most Populous Countries 2024

Click here to take the quiz!

General Stats

  • This quiz has been taken 20 times
  • The average score is 4 of 5

Answer Stats

Answer% Correct
China
100%
India
100%
United States of America
88%
Pakistan
82%
Indonesia
76%

Score Distribution

Percentile by Number Answered

Percent of People with Each Score

Your Score History

You have not taken this quiz